|
|
|
|
| LEADER |
00000cam a2200000 7i4500 |
| 001 |
0000001183 |
| 005 |
20140118.0 |
| 090 |
0 |
0 |
|a R587.3109595
|b PIG 1996
|
| 100 |
1 |
0 |
|a PIGGOTT
|h Audrey G.
|
| 245 |
1 |
0 |
|a Ferns of Malaysia in colour
|c by A.G. Piggott ; photographs by C.J. Piggott
|
| 260 |
0 |
0 |
|a Kuala Lumpur :
|b Tropical Press ,
|c 1996(1988)
|
| 300 |
|
|
|a xi, 458 p. :
|b col. ill. ;
|c 26 cm.
|
| 500 |
0 |
0 |
|a Bibliography : [p. 450-451] and index
|
| 650 |
0 |
0 |
|a Ferns
|z Malaysia
|
| 650 |
0 |
0 |
|a Ferns
|z Malaysia
|x Pictorial works
|
| 700 |
0 |
1 |
|a Piggott
|h C. J.
|
| 998 |
|
|
|a JPSM
|
| 999 |
|
|
|a 0000002065
|b Monograph
|c Reference
|e Default branch
|